[Event "SVK-chT2A 1112"]
[Site "Slovakia"]
[Date "2012.01.07"]
[Round "7.8"]
[White "Hefka, Vladimir"]
[Black "Vrtiakova, Anna"]
[Result "1/2-1/2"]
[WhiteElo "1976"]
[BlackElo "1540"]
[PlyCount "62"]
[EventDate "2011.10.08"]
[EventType "team-tourn"]
[EventRounds "11"]
[EventCountry "SVK"]
[SourceTitle "EXT 2013"]
[Source "ChessBase"]
[SourceDate "2012.11.22"]
[SourceVersion "1"]
[SourceVersionDate "2012.11.22"]
[SourceQuality "1"]
[WhiteTeam "Bratislava Doprastav II"]
[BlackTeam "Bratislava KSN"]
[WhiteTeamCountry "SVK"]
[BlackTeamCountry "SVK"]

1. d4 d5 2. g3 Nf6 3. Bg2 Bf5 4. Nf3 h6 5. 0-0 e6 6. Nbd2 Bd6 7. c4 0-0 8. Re1 c6 9. Ne5 Nbd7 10. Nxd7 Qxd7 11. e4 dxe4 12. Nxe4 Be7 13. b3 Rad8 14. Bb2 Nxe4 15. Bxe4 Bxe4 16. Rxe4 Bf6 17. Qe2 Rfe8 18. Re1 b6 19. h4 Qc8 20. f4 c5 21. d5 Bxb2 22. Qxb2 exd5 23. Rxe8+ Rxe8 24. Rxe8+ Qxe8 25. cxd5 Qe1+ 26. Kh2 f6 27. Qc2 Kf7 28. h5 Kf8 29. a4 a5 30. Qf5 Qf2+ 31. Kh3 Qf1+ 1/2-1/2

[Event "SVK-chT2A 10/11"]
[Site "Slovakia"]
[Date "2011.03.06"]
[Round "9.6"]
[White "Jozefek, Michal"]
[Black "Hefka, Vladimir"]
[Result "1/2-1/2"]
[WhiteElo "1899"]
[BlackElo "1991"]
[PlyCount "61"]
[EventDate "2010.10.23"]
[EventType "team-tourn"]
[EventRounds "11"]
[EventCountry "SVK"]
[SourceTitle "EXT 2019"]
[Source "ChessBase"]
[SourceDate "2018.10.10"]
[SourceVersion "1"]
[SourceVersionDate "2018.10.10"]
[SourceQuality "1"]
[WhiteTeam "Osuske II"]
[BlackTeam "Bratislava Doprastav"]
[WhiteTeamCountry "SVK"]
[BlackTeamCountry "SVK"]

1. d4 Nf6 2. c4 g6 3. Nc3 Bg7 4. e4 d6 5. Be2 0-0 6. Bg5 h6 7. Be3 e5 8. d5 a5 9. Qd2 Kh7 10. f3 Na6 11. g4 b6 12. h4 h5 13. Bg5 Qe8 14. Bxf6 Bxf6 15. gxh5 gxh5 16. 0-0-0 Bg7 17. Kb1 Bh6 18. Qe1 Rg8 19. Nh3 Bxh3 20. Rxh3 Bf4 21. Bd3 Qe7 22. Ne2 Qf6 23. Qf2 Nc5 24. Bc2 Rg7 25. Rg1 Rag8 26. Rhh1 Qh6 27. Rxg7+ Rxg7 28. Rg1 Rxg1+ 29. Qxg1 Qf6 30. Qh1 Nd7 31. Qh3 1/2-1/2

[Event "SVK-chT2A 0809"]
[Site "Slovakia"]
[Date "2008.11.09"]
[Round "4.8"]
[White "Filip, Frantisek"]
[Black "Hefka, Vladimir"]
[Result "0-1"]
[WhiteElo "1853"]
[BlackElo "1973"]
[PlyCount "65"]
[EventDate "2008.10.11"]
[EventType "team-tourn"]
[EventRounds "11"]
[EventCountry "SVK"]
[SourceTitle "EXT 2010"]
[Source "ChessBase"]
[SourceDate "2010.11.25"]
[SourceVersion "1"]
[SourceVersionDate "2010.11.25"]
[SourceQuality "1"]
[WhiteTeam "Hlohovec SK Zentiva II"]
[BlackTeam "Bratislava Doprastav"]
[WhiteTeamCountry "SVK"]
[BlackTeamCountry "SVK"]

1. e4 c5 2. Ne2 d6 3. c3 Nf6 4. Ng3 e6 5. Be2 Be7 6. Nh5 0-0 7. d3 Nbd7 8. Nf4 a6 9. Bf3 Rb8 10. Nd2 b5 11. 0-0 Bb7 12. d4 c4 13. Re1 Qc7 14. Qc2 Rbc8 15. Nf1 Rfe8 16. Ng3 Bf8 17. Nfh5 g6 18. Nxf6+ Nxf6 19. Bg5 Be7 20. Qd2 Nd7 21. h4 e5 22. Rac1 Rb8 23. h5 Nb6 24. Bh6 Bf6 25. Bg5 Qe7 26. Be3 Nd7 27. Nf1 Nf8 28. Bh6 Ne6 29. Be3 Ng5 30. Bxg5 Bxg5 31. Ne3 exd4 32. Qxd4 Bxe4 33. Nd5 0-1

[Event "SVK-chT2A 0708"]
[Site "Slovakia"]
[Date "2007.11.03"]
[Round "3.8"]
[White "Novak, Stanislav"]
[Black "Hefka, Vladimir"]
[Result "1/2-1/2"]
[WhiteElo "1999"]
[BlackElo "1998"]
[PlyCount "40"]
[EventDate "2007.10.06"]
[EventType "team-tourn"]
[EventRounds "11"]
[EventCountry "SVK"]
[SourceTitle "EXT 2010"]
[Source "ChessBase"]
[SourceDate "2010.11.25"]
[SourceVersion "1"]
[SourceVersionDate "2010.11.25"]
[SourceQuality "1"]
[WhiteTeam "Bratislava Doprastav II"]
[BlackTeam "Bratislava Doprastav"]
[WhiteTeamCountry "SVK"]
[BlackTeamCountry "SVK"]

1. e4 c5 2. Nf3 d6 3. c3 e6 4. d4 Nd7 5. Bd3 Be7 6. 0-0 Ngf6 7. e5 Nd5 8. Na3 cxd4 9. cxd4 Nb4 10. Bb1 d5 11. Nb5 Qb6 12. Nc3 Nc6 13. a4 a6 14. Re1 Ndb8 15. h4 Bd7 16. Ne2 Na5 17. Bc2 Nbc6 18. b3 Nb4 19. Bb1 Nbc6 20. Bc2 Nb4 1/2-1/2